LEADER 01213nam a2200277 4500 001 000000356348 003 CaOOAMICUS 005 20231212111646.0 008 231205s2017 fr 000 u fre r 020 $a978-2-7067-1503-7 040 $aSeMil$bita 100 1 $aLouf, André,$c.$0(OLS)http://semarc/name/89735 245 12$aS'abandonner à l'amour :$bméditations à Sainte-Lioba /$cAndré Louf ; texte établi par Charles Wright. 264 1$aParis :$bSalvator,$c2017. 300 $a269 p. ;$c21 cm 490 1 $aInédit 650 4$aAnno liturgico - Sermoni.$0(OLS)http://semarc/subject/54834 650 4$aDio - Amore.$0(OLS)http://semarc/subject/7618 700 1 $aWright, Charles,$d<1981- >.$0(OLS)http://semarc/name/118679 830 0$aInédits.$0(OLS)http://semarc/title/446711 850 $aSeMil 852 $aSeMil$W1$xVenegono$y1$m2C V 572$j244976$B247574$CSeMilBibl$Z2$F247574 $81 996 $6020$a978-2-7067-1503-7$9(OLS)http://semarc/number/299433 996 $6245$aS'abandonner à l'amour :$bméditations à Sainte-Lioba$9(OLS)http://semarc/title/446609 996 $6264$aParis :$bSalvator$9(OLS)http://semarc/publisher/41071 LEADER 00802nam a2200205 i 4500 001 000000063414 003 CaOOAMICUS 005 19980806000000.0 008 980806n it u000 u ita u 013 $a34586 040 $aSeMil$bita 100 1 $aBuck, Jean-Marie : de .$0(OLS)http://semarc/name/32058 245 10$aCasi di coscienza dell'educatore. 650 4$aEducazione.$0(OLS)http://semarc/subject/204 650 4$aTeologia morale - Casi di coscienza.$0(OLS)http://semarc/subject/2481 650 4$aEducatori - Formazione.$0(OLS)http://semarc/subject/12428 850 $aSeMil 852 $aSeMil$W1$xVenegono$y1$m2F V 197$j29567$B29567$CSeMilBibl$Z2$F29570 $81 961 $aOmaggio: Oggioni don Costantino 996 $6245$aCasi di coscienza dell'educatore$9(OLS)http://semarc/title/100146